000 00587cab a2200193 4500
001 X1128
008 090401t1993 xxu||||| |||| 00| 0 eng d
035 _a(Sirsi) u14832
041 _aeng
245 _a1994/1195 land and hydrographic survey divisional council elections
260 _c1993
350 _a0
490 _aCS Monthly : Land and Hydrographic Survey
_v3(2) October 1993, 3(1)
650 _aDIVISIONAL ELECTIONS
650 _aLAND AND HYRDORGRAPHIC SURVEY DIVISION
690 _aMANAGEMENT-BUSINESS MANAGEMENT-PROFESSIONAL PRACTICE
942 _n0
948 _c04/03/1997
999 _c9683
_d9683